01349nam a2200229 a 450000100100000000500170001000800410002704000250006811101070009324500140020026000770021430000200029150001070031171000990041804900090051795201200052695201200064695201200076695201050088695201110099199900170110200002984320200930055841.0110426s1995 dr 000 0 spa d aDO-SdBNPbspacBNPHU2 aFestival Nacional de canto, danza y música tradicionald1995:cSanto Domingon27 -29 de abril95659710aPrograma. aSanto Domingo :bDirección General de CulturabEditorial Gente,c1995. a12 p. ;c28 cm. aXXIII Feria nacional del libro José Martí- Máximo Gómez (manifiesto de Monte Cristi 1895-1995) aSecretaría de Estado de Educación, Bellas Artes y Cultura (República Dominicana )956598 aBNPD 001054708DSaGRbGRcCTd2011-05-27iLF1l0o p29843-30r2020-06-25te. 3w2020-06-25yLFDSZPréstamo en sala 001054708DSaGRbGRcCTd2011-05-27iLF1l0o p29843-40r2020-06-25te. 4w2020-06-25yLFDSZPréstamo en sala 001054708DSaGRbGRcCTd2011-05-27iLF1l0o p29843-50r2020-06-25te. 5w2020-06-25yLFDSZPréstamo en sala 0010718PDaPDbPDcCTd2011-04-26iLF1l0o p29843-10r2020-06-25w2020-06-25yLFPDZNo se presta 0010718PDaPDbPDcCTd2011-05-27iLF1l0o p29843-20r2020-06-25te. 2w2020-06-25yLFPDZNo se presta c29335d29335